Statistics for Most-Visited Countries by Discord Members

Click here to take the quiz!

General Stats

  • This quiz has been taken 37 times
  • The average score is 16 of 20

Answer Stats

# Country % Correct
26United States
100%
16United Kingdom
97%
9Italy
94%
18Canada
94%
16France
91%
13Germany
91%
10Spain
91%
5Mexico
91%
5Japan
86%
7India
86%
5China
86%
10Switzerland
83%
6Denmark
80%
11Netherlands
80%
8Austria
77%
9Belgium
77%
7Greece
71%
6Czech Republic
57%
6United Arab
Emirates
43%
5Vatican City
43%

Score Distribution

Percentile by Number Answered

Percent of People with Each Score

Your Score History

You have not taken this quiz